Central Library OPAC University of Rajshahi

Demography / (Record no. 35443)

MARC details
000 -LEADER
fixed length control field 00594nam a2200205 4500
001 - CONTROL NUMBER
control field 35443
003 - CONTROL NUMBER IDENTIFIER
rucl marc code BD-RjUL
005 - DATE AND TIME OF LATEST TRANSACTION
control field 20211209052325.0
008 - FIXED-LENGTH DATA ELEMENTS--GENERAL INFORMATION
fixed length control field 140525s1959 enk||||| |||| 001 0 eng d
035 ## - SYSTEM CONTROL NUMBER
System control number (BD-RjUL)35537
040 ## - CATALOGING SOURCE
Transcribing agency BD-RjUL
Modifying agency BD-RjUL
082 ## - DEWEY DECIMAL CLASSIFICATION NUMBER
Classification number 304.605
Author mark and year COD 1959
100 ## - MAIN ENTRY--PERSONAL NAME
Personal name Cox , Peter R
9 (RLIN) 107914
245 ## - TITLE STATEMENT
Title Demography /
Statement of responsibility, etc. Peter R Cox
260 ## - PUBLICATION, DISTRIBUTION, ETC. (IMPRINT)
Place of publication, distribution, etc. Cambridge [Eng.] ; New York :
Name of publisher, distributor, etc. Cambridge University Press,
Date of publication, distribution, etc. ©1976.
300 ## - PHYSICAL DESCRIPTION
Pagination xi, 393 p. ;
Size 24 cm.
650 ## - SUBJECT ADDED ENTRY--TOPICAL TERM
Topical term or geographic name as entry element Démographie.
9 (RLIN) 107915
Topical term or geographic name as entry element Demography.
9 (RLIN) 107916
942 ## - ADDED ENTRY ELEMENTS (KOHA)
Source of classification or shelving scheme Dewey Decimal Classification
Koha item type Books
Holdings
Lost status Source of classification or shelving scheme Damaged status Not for loan Collection code Permanent Location Current Location Shelving location Date acquired Source of acquisition Cost, normal purchase price Total Checkouts Full call number Date last seen Copy number Koha item type
  Dewey Decimal Classification     Non-fiction Central Library, University of Rajshahi Central Library, University of Rajshahi   18/03/1964 Euro, B. D News Agency 21.00   304.605 COD 1959 25/05/2014 C-3 Books
  Dewey Decimal Classification     Non-fiction Central Library, University of Rajshahi Central Library, University of Rajshahi   03/09/1968 Zitlinger 28.00   304.605 COD 1966 28/05/2014 C-9 Books